[Event "DVM U20 2020"]
[Site "Willingen GER"]
[Date "2021.06.26"]
[Round "6"]
[White "Mohammadi Nia, Borna"]
[Black "Klugstedt, Vincent"]
[Result "1/2-1/2"]
[Termination "normal"]
[Board "1.5"]
[WhiteElo "2079"]
[BlackElo "1928"]
[WhiteClock "00:06:13"]
[BlackClock "00:12:03"]
[WhiteTeam "Schachgemeinschaft Porz e. V."]
[BlackTeam "Schachgesellschaft Bochum 1931"]
[PlyCount "111"]
[WhiteFideId "16207319"]
[BlackFideId "16216393"]
[EventCountry "GER"]
[EventRounds "7"]
[EventType "team-swiss"]
[EventDate "2021.06.23"]

1. e4 {[%clk 01:30:57]} {[%emt 00:00:02]} c5 {[%clk 01:30:50]} {[%emt
00:00:10]} 2. Nf3 {[%clk 01:28:16]} {[%emt 00:03:11]} Nc6 {[%clk 01:31:01]}
{[%emt 00:00:19]} 3. Bb5 {[%clk 01:28:41]} {[%emt 00:00:04]} g6 {[%clk
01:30:11]} {[%emt 00:01:21]} 4. Bxc6 {[%clk 01:28:54]} {[%emt 00:00:17]} bxc6
{[%clk 01:29:39]} {[%emt 00:01:02]} 5. O-O {[%clk 01:29:15]} {[%emt 00:00:09]}
Bg7 {[%clk 01:29:17]} {[%emt 00:00:52]} 6. Re1 {[%clk 01:29:39]} {[%emt
00:00:05]} Nf6 {[%clk 01:28:27]} {[%emt 00:01:21]} 7. c3 {[%clk 01:29:49]}
{[%emt 00:00:20]} O-O {[%clk 01:28:19]} {[%emt 00:00:38]} 8. d4 {[%clk
01:29:44]} {[%emt 00:00:36]} cxd4 {[%clk 01:26:43]} {[%emt 00:02:05]} 9. cxd4
{[%clk 01:30:04]} {[%emt 00:00:11]} d5 {[%clk 01:25:39]} {[%emt 00:01:33]} 10.
e5 {[%clk 01:29:47]} {[%emt 00:00:47]} Ne4 {[%clk 01:24:50]} {[%emt 00:01:20]}
11. Nc3 {[%clk 01:28:58]} {[%emt 00:01:18]} Nxc3 {[%clk 01:22:32]} {[%emt
00:02:48]} 12. bxc3 {[%clk 01:27:44]} {[%emt 00:01:44]} Bg4 {[%clk 01:17:07]}
{[%emt 00:05:55]} 13. h3 {[%clk 01:25:56]} {[%emt 00:02:18]} Bxf3 {[%clk
01:12:30]} {[%emt 00:05:07]} 14. Qxf3 {[%clk 01:26:24]} {[%emt 00:00:02]} Rb8
{[%clk 01:11:39]} {[%emt 00:01:21]} 15. Ba3 {[%clk 01:22:38]} {[%emt 00:04:17]}
Qd7 {[%clk 01:07:42]} {[%emt 00:04:26]} 16. Qe2 {[%clk 01:21:20]} {[%emt
00:01:48]} Rfe8 {[%clk 00:54:09]} {[%emt 00:14:04]} 17. e6 {[%clk 01:17:21]}
{[%emt 00:04:28]} fxe6 {[%clk 00:53:30]} {[%emt 00:01:09]} 18. Qxe6+ {[%clk
01:17:49]} {[%emt 00:00:02]} Qxe6 {[%clk 00:53:50]} {[%emt 00:00:10]} 19. Rxe6
{[%clk 01:18:17]} {[%emt 00:00:02]} Rb6 {[%clk 00:52:12]} {[%emt 00:02:08]} 20.
Bc5 {[%clk 01:16:17]} {[%emt 00:02:30]} Ra6 {[%clk 00:52:00]} {[%emt 00:00:42]}
21. Rxe7 {[%clk 01:13:19]} {[%emt 00:03:28]} Rxe7 {[%clk 00:50:40]} {[%emt
00:01:50]} 22. Bxe7 {[%clk 01:13:47]} {[%emt 00:00:02]} Bf8 {[%clk 00:46:07]}
{[%emt 00:05:03]} 23. Bg5 {[%clk 01:06:03]} {[%emt 00:08:14]} Ra3 {[%clk
00:40:49]} {[%emt 00:05:47]} 24. Bd2 {[%clk 01:05:31]} {[%emt 00:01:03]} Kf7
{[%clk 00:39:50]} {[%emt 00:01:29]} 25. Kf1 {[%clk 01:04:53]} {[%emt 00:01:09]}
Ke6 {[%clk 00:37:02]} {[%emt 00:03:17]} 26. Ke2 {[%clk 01:04:13]} {[%emt
00:01:10]} c5 {[%clk 00:34:40]} {[%emt 00:02:51]} 27. dxc5 {[%clk 00:46:49]}
{[%emt 00:17:55]} Bxc5 {[%clk 00:34:02]} {[%emt 00:01:08]} 28. Kd3 {[%clk
00:44:38]} {[%emt 00:02:42]} Bxf2 {[%clk 00:31:10]} {[%emt 00:03:21]} 29. Bc1
{[%clk 00:44:14]} {[%emt 00:00:53]} Ra6 {[%clk 00:29:25]} {[%emt 00:02:15]} 30.
a4 {[%clk 00:41:26]} {[%emt 00:03:19]} Rc6 {[%clk 00:28:01]} {[%emt 00:01:53]}
31. Ra2 {[%clk 00:41:14]} {[%emt 00:00:43]} Bh4 {[%clk 00:27:43]} {[%emt
00:00:48]} 32. Re2+ {[%clk 00:41:08]} {[%emt 00:00:36]} Kd7 {[%clk 00:27:21]}
{[%emt 00:00:51]} 33. Rb2 {[%clk 00:34:25]} {[%emt 00:07:14]} Bf6 {[%clk
00:24:38]} {[%emt 00:03:13]} 34. Bd2 {[%clk 00:33:14]} {[%emt 00:01:41]} Rc4
{[%clk 00:21:45]} {[%emt 00:03:21]} 35. Rb7+ {[%clk 00:31:44]} {[%emt
00:02:01]} Rc7 {[%clk 00:22:02]} {[%emt 00:00:13]} 36. Rb5 {[%clk 00:31:40]}
{[%emt 00:00:35]} Ke6 {[%clk 00:21:35]} {[%emt 00:00:57]} 37. a5 {[%clk
00:28:45]} {[%emt 00:03:25]} h5 {[%clk 00:17:34]} {[%emt 00:04:31]} 38. g4
{[%clk 00:25:50]} {[%emt 00:03:25]} hxg4 {[%clk 00:16:44]} {[%emt 00:01:20]}
39. hxg4 {[%clk 00:24:32]} {[%emt 00:01:49]} Be5 {[%clk 00:16:19]} {[%emt
00:00:55]} 40. Be1 {[%clk 00:23:10]} {[%emt 00:01:51]} Kd6 {[%clk 00:14:52]}
{[%emt 00:01:56]} 41. Bd2 {[%clk 00:18:40]} {[%emt 00:05:01]} Ke6 {[%clk
00:14:47]} {[%emt 00:00:35]} 42. Be1 {[%clk 00:14:09]} {[%emt 00:05:01]} Kd6
{[%clk 00:14:44]} {[%emt 00:00:32]} 43. Rb8 {[%clk 00:13:50]} {[%emt 00:00:49]}
Ke7 {[%clk 00:10:45]} {[%emt 00:04:29]} 44. Ra8 {[%clk 00:09:05]} {[%emt
00:05:15]} Bf6 {[%clk 00:09:37]} {[%emt 00:01:39]} 45. a6 {[%clk 00:03:51]}
{[%emt 00:05:44]} Be5 {[%clk 00:07:41]} {[%emt 00:02:26]} 46. Bf2 {[%clk
00:28:08]} {[%emt 00:06:13]} Rxc3+ {[%clk 00:31:30]} {[%emt 00:06:41]} 47. Kd2
{[%clk 00:27:58]} {[%emt 00:00:40]} d4 {[%clk 00:15:34]} {[%emt 00:16:26]} 48.
Rxa7+ {[%clk 00:28:02]} {[%emt 00:00:26]} Kd6 {[%clk 00:13:56]} {[%emt
00:02:08]} 49. Ra8 {[%clk 00:21:26]} {[%emt 00:07:06]} Ra3 {[%clk 00:13:17]}
{[%emt 00:01:09]} 50. a7 {[%clk 00:17:53]} {[%emt 00:04:03]} Kc7 {[%clk
00:12:35]} {[%emt 00:01:12]} 51. Re8 {[%clk 00:08:29]} {[%emt 00:09:54]} Bf4+
{[%clk 00:12:20]} {[%emt 00:00:44]} 52. Kd1 {[%clk 00:06:51]} {[%emt 00:02:08]}
Rxa7 {[%clk 00:12:23]} {[%emt 00:00:27]} 53. Re7+ {[%clk 00:06:43]} {[%emt
00:00:39]} Kb8 {[%clk 00:12:43]} {[%emt 00:00:10]} 54. Re8+ {[%clk 00:07:09]}
{[%emt 00:00:04]} Kc7 {[%clk 00:12:50]} {[%emt 00:00:23]} 55. Bxd4 {[%clk
00:07:37]} {[%emt 00:00:02]} Ra2 {[%clk 00:12:03]} {[%emt 00:01:16]} 56. Bc3
{[%clk 00:06:13]} {[%emt 00:01:54]} 1/2-1/2

[Event "DVM U20 2020"]
[Site "Willingen GER"]
[Date "2021.06.26"]
[Round "6"]
[White "Vuckovic, Zarko"]
[Black "Kololli, Martin"]
[Result "1/2-1/2"]
[Termination "normal"]
[Board "2.1"]
[BlackTitle "FM"]
[WhiteElo "2241"]
[BlackElo "2316"]
[WhiteClock "00:46:06"]
[BlackClock "00:55:19"]
[WhiteTeam "Schachfreunde Augsburg"]
[BlackTeam "Lübecker SV von 1873"]
[PlyCount "71"]
[WhiteFideId "12952087"]
[BlackFideId "12936910"]
[EventCountry "GER"]
[EventRounds "7"]
[EventType "team-swiss"]
[EventDate "2021.06.23"]

1. e4 {[%clk 01:30:59]} {[%emt 00:00:01]} e5 {[%clk 01:30:55]} {[%emt
00:00:05]} 2. Nf3 {[%clk 01:31:26]} {[%emt 00:00:03]} Nc6 {[%clk 01:31:19]}
{[%emt 00:00:05]} 3. d4 {[%clk 01:31:54]} {[%emt 00:00:03]} exd4 {[%clk
01:31:43]} {[%emt 00:00:06]} 4. Bc4 {[%clk 01:32:19]} {[%emt 00:00:04]} Nf6
{[%clk 01:32:06]} {[%emt 00:00:07]} 5. e5 {[%clk 01:32:46]} {[%emt 00:00:03]}
d5 {[%clk 01:32:32]} {[%emt 00:00:05]} 6. Bb5 {[%clk 01:33:13]} {[%emt
00:00:03]} Ne4 {[%clk 01:32:55]} {[%emt 00:00:07]} 7. Nxd4 {[%clk 01:33:37]}
{[%emt 00:00:06]} Bd7 {[%clk 01:33:19]} {[%emt 00:00:05]} 8. Bxc6 {[%clk
01:34:04]} {[%emt 00:00:04]} bxc6 {[%clk 01:33:43]} {[%emt 00:00:06]} 9. O-O
{[%clk 01:34:30]} {[%emt 00:00:04]} Be7 {[%clk 01:33:41]} {[%emt 00:00:31]} 10.
f3 {[%clk 01:34:24]} {[%emt 00:00:36]} Ng5 {[%clk 01:34:00]} {[%emt 00:00:11]}
11. f4 {[%clk 01:34:30]} {[%emt 00:00:25]} Ne4 {[%clk 01:34:23]} {[%emt
00:00:06]} 12. Nc3 {[%clk 01:33:59]} {[%emt 00:01:02]} Nxc3 {[%clk 01:32:31]}
{[%emt 00:02:22]} 13. bxc3 {[%clk 01:34:06]} {[%emt 00:00:23]} c5 {[%clk
01:31:45]} {[%emt 00:01:15]} 14. Ne2 {[%clk 01:28:37]} {[%emt 00:06:00]} Bb5
{[%clk 01:27:59]} {[%emt 00:04:16]} 15. Rf2 {[%clk 01:23:04]} {[%emt 00:06:03]}
d4 {[%clk 01:21:33]} {[%emt 00:06:55]} 16. cxd4 {[%clk 01:16:23]} {[%emt
00:07:11]} cxd4 {[%clk 01:15:10]} {[%emt 00:06:53]} 17. Qxd4 {[%clk 01:09:53]}
{[%emt 00:07:00]} Bxe2 {[%clk 01:07:34]} {[%emt 00:08:06]} 18. Qxd8+ {[%clk
01:09:43]} {[%emt 00:00:41]} Rxd8 {[%clk 01:07:57]} {[%emt 00:00:07]} 19. Rxe2
{[%clk 01:10:09]} {[%emt 00:00:04]} Rd1+ {[%clk 01:08:14]} {[%emt 00:00:13]}
20. Kf2 {[%clk 01:10:35]} {[%emt 00:00:04]} Bc5+ {[%clk 01:08:24]} {[%emt
00:00:20]} 21. Kg3 {[%clk 01:10:45]} {[%emt 00:00:20]} Bd4 {[%clk 01:08:06]}
{[%emt 00:00:48]} 22. Rb1 {[%clk 01:11:01]} {[%emt 00:00:14]} Bb6 {[%clk
01:08:14]} {[%emt 00:00:22]} 23. c4 {[%clk 00:59:50]} {[%emt 00:11:41]} O-O
{[%clk 01:07:50]} {[%emt 00:00:54]} 24. Rc2 {[%clk 00:58:50]} {[%emt 00:01:31]}
Be3 {[%clk 01:06:28]} {[%emt 00:01:52]} 25. Kf3 {[%clk 00:57:38]} {[%emt
00:01:42]} Re1 {[%clk 01:06:42]} {[%emt 00:00:16]} 26. Ba3 {[%clk 00:55:54]}
{[%emt 00:02:14]} Rxb1 {[%clk 01:06:25]} {[%emt 00:00:46]} 27. Bxf8 {[%clk
00:56:19]} {[%emt 00:00:06]} Bxf4 {[%clk 01:00:45]} {[%emt 00:06:09]} 28. Bxg7
{[%clk 00:55:55]} {[%emt 00:00:55]} Bg5 {[%clk 01:00:52]} {[%emt 00:00:23]} 29.
Kg4 {[%clk 00:55:25]} {[%emt 00:01:00]} h6 {[%clk 00:59:55]} {[%emt 00:01:27]}
30. h4 {[%clk 00:55:29]} {[%emt 00:00:26]} Kxg7 {[%clk 00:59:12]} {[%emt
00:01:12]} 31. hxg5 {[%clk 00:55:21]} {[%emt 00:00:38]} h5+ {[%clk 00:59:35]}
{[%emt 00:00:07]} 32. Kf5 {[%clk 00:54:30]} {[%emt 00:01:21]} Rd1 {[%clk
00:55:26]} {[%emt 00:04:38]} 33. Ke4 {[%clk 00:54:21]} {[%emt 00:00:40]} c5
{[%clk 00:54:50]} {[%emt 00:01:06]} 34. Kf5 {[%clk 00:45:39]} {[%emt 00:09:12]}
Rf1+ {[%clk 00:54:53]} {[%emt 00:00:26]} 35. Ke4 {[%clk 00:46:02]} {[%emt
00:00:08]} Rd1 {[%clk 00:55:19]} {[%emt 00:00:04]} 36. Kf5 {[%clk 00:46:06]}
{[%emt 00:00:27]} 1/2-1/2

[Event "DVM U20 2020"]
[Site "Willingen GER"]
[Date "2021.06.26"]
[Round "6"]
[White "Bosselmann, Tom Linus"]
[Black "Weller, Uli"]
[Result "0-1"]
[Termination "normal"]
[Board "2.2"]
[WhiteElo "2060"]
[BlackElo "2144"]
[WhiteClock "00:39:24"]
[BlackClock "00:15:07"]
[WhiteTeam "Lübecker SV von 1873"]
[BlackTeam "Schachfreunde Augsburg"]
[PlyCount "50"]
[WhiteFideId "12983845"]
[BlackFideId "12971782"]
[EventCountry "GER"]
[EventRounds "7"]
[EventType "team-swiss"]
[EventDate "2021.06.23"]

1. e4 {[%clk 01:30:58]} {[%emt 00:00:02]} e6 {[%clk 01:30:53]} {[%emt
00:00:07]} 2. Qe2 {[%clk 01:30:31]} {[%emt 00:00:57]} c5 {[%clk 01:26:38]}
{[%emt 00:04:45]} 3. Nf3 {[%clk 01:30:49]} {[%emt 00:00:12]} Nc6 {[%clk
01:26:11]} {[%emt 00:00:58]} 4. g3 {[%clk 01:31:06]} {[%emt 00:00:12]} Nf6
{[%clk 01:20:17]} {[%emt 00:06:24]} 5. Bg2 {[%clk 01:30:53]} {[%emt 00:00:43]}
Be7 {[%clk 01:18:28]} {[%emt 00:02:18]} 6. O-O {[%clk 01:30:25]} {[%emt
00:00:59]} d5 {[%clk 01:17:17]} {[%emt 00:01:41]} 7. d3 {[%clk 01:26:46]}
{[%emt 00:04:09]} O-O {[%clk 01:13:58]} {[%emt 00:03:49]} 8. e5 {[%clk
01:25:23]} {[%emt 00:01:54]} Ne8 {[%clk 01:11:14]} {[%emt 00:03:12]} 9. h4
{[%clk 01:20:21]} {[%emt 00:05:33]} f6 {[%clk 01:09:15]} {[%emt 00:02:29]} 10.
Bf4 {[%clk 01:17:40]} {[%emt 00:03:12]} fxe5 {[%clk 01:04:35]} {[%emt
00:05:09]} 11. Nxe5 {[%clk 01:15:42]} {[%emt 00:02:28]} Bxh4 {[%clk 00:50:58]}
{[%emt 00:14:07]} 12. Nxc6 {[%clk 01:14:21]} {[%emt 00:01:51]} bxc6 {[%clk
00:51:25]} {[%emt 00:00:02]} 13. Be5 {[%clk 01:05:40]} {[%emt 00:09:12]} Bf6
{[%clk 00:51:07]} {[%emt 00:00:48]} 14. Bh3 {[%clk 01:04:47]} {[%emt 00:01:23]}
Nd6 {[%clk 00:44:46]} {[%emt 00:06:51]} 15. Nc3 {[%clk 00:56:32]} {[%emt
00:08:45]} Nf7 {[%clk 00:36:24]} {[%emt 00:08:52]} 16. Bxf6 {[%clk 00:54:36]}
{[%emt 00:02:27]} Qxf6 {[%clk 00:36:40]} {[%emt 00:00:13]} 17. Na4 {[%clk
00:52:18]} {[%emt 00:02:49]} Rb8 {[%clk 00:23:18]} {[%emt 00:13:51]} 18. b3
{[%clk 00:51:52]} {[%emt 00:00:57]} Ng5 {[%clk 00:20:34]} {[%emt 00:03:13]} 19.
Bg2 {[%clk 00:51:46]} {[%emt 00:00:36]} e5 {[%clk 00:19:39]} {[%emt 00:01:25]}
20. Nxc5 {[%clk 00:50:29]} {[%emt 00:01:48]} Nh3+ {[%clk 00:18:17]} {[%emt
00:01:51]} 21. Bxh3 {[%clk 00:50:17]} {[%emt 00:00:42]} Bxh3 {[%clk 00:18:41]}
{[%emt 00:00:06]} 22. Rfe1 {[%clk 00:48:59]} {[%emt 00:01:49]} Rbe8 {[%clk
00:16:10]} {[%emt 00:02:59]} 23. Kh2 {[%clk 00:40:20]} {[%emt 00:09:09]} Bg4
{[%clk 00:14:32]} {[%emt 00:02:09]} 24. Qxg4 {[%clk 00:39:39]} {[%emt
00:01:12]} Qxf2+ {[%clk 00:14:53]} {[%emt 00:00:08]} 25. Kh3 {[%clk 00:39:24]}
{[%emt 00:00:45]} Rf6 {[%clk 00:15:07]} {[%emt 00:00:15]} 0-1

[Event "DVM U20 2020"]
[Site "Willingen GER"]
[Date "2021.06.26"]
[Round "6"]
[White "Gubariev, Yakiv"]
[Black "Bornholdt, Joa Max"]
[Result "1-0"]
[Termination "normal"]
[Board "2.3"]
[WhiteElo "1925"]
[BlackElo "1998"]
[WhiteClock "00:32:48"]
[BlackClock "00:23:22"]
[WhiteTeam "Schachfreunde Augsburg"]
[BlackTeam "Lübecker SV von 1873"]
[PlyCount "81"]
[WhiteFideId "16216938"]
[BlackFideId "16253477"]
[EventCountry "GER"]
[EventRounds "7"]
[EventType "team-swiss"]
[EventDate "2021.06.23"]

1. e4 {[%clk 01:30:59]} {[%emt 00:00:01]} e5 {[%clk 01:30:49]} {[%emt
00:00:11]} 2. Nf3 {[%clk 01:31:21]} {[%emt 00:00:08]} Nc6 {[%clk 01:31:05]}
{[%emt 00:00:13]} 3. d4 {[%clk 01:31:19]} {[%emt 00:00:33]} exd4 {[%clk
01:31:28]} {[%emt 00:00:06]} 4. Bc4 {[%clk 01:31:44]} {[%emt 00:00:05]} Nf6
{[%clk 01:31:45]} {[%emt 00:00:13]} 5. e5 {[%clk 01:32:03]} {[%emt 00:00:11]}
d5 {[%clk 01:30:49]} {[%emt 00:01:26]} 6. Bb5 {[%clk 01:32:31]} {[%emt
00:00:03]} Ne4 {[%clk 01:31:13]} {[%emt 00:00:05]} 7. Nxd4 {[%clk 01:32:55]}
{[%emt 00:00:07]} Bd7 {[%clk 01:31:39]} {[%emt 00:00:04]} 8. Bxc6 {[%clk
01:33:20]} {[%emt 00:00:05]} bxc6 {[%clk 01:32:05]} {[%emt 00:00:04]} 9. O-O
{[%clk 01:33:43]} {[%emt 00:00:07]} Bc5 {[%clk 01:32:30]} {[%emt 00:00:04]} 10.
f3 {[%clk 01:34:03]} {[%emt 00:00:10]} Ng5 {[%clk 01:32:56]} {[%emt 00:00:05]}
11. Be3 {[%clk 01:34:19]} {[%emt 00:00:14]} Bb6 {[%clk 01:33:12]} {[%emt
00:00:14]} 12. f4 {[%clk 01:34:30]} {[%emt 00:00:18]} Ne4 {[%clk 01:33:38]}
{[%emt 00:00:05]} 13. Nd2 {[%clk 01:34:56]} {[%emt 00:00:04]} Nxd2 {[%clk
01:33:54]} {[%emt 00:00:14]} 14. Qxd2 {[%clk 01:35:24]} {[%emt 00:00:02]} c5
{[%clk 01:34:15]} {[%emt 00:00:08]} 15. Nf3 {[%clk 01:35:47]} {[%emt 00:00:07]}
d4 {[%clk 01:33:00]} {[%emt 00:01:46]} 16. Bf2 {[%clk 01:36:11]} {[%emt
00:00:06]} Bc6 {[%clk 01:33:24]} {[%emt 00:00:05]} 17. Bh4 {[%clk 01:36:21]}
{[%emt 00:00:20]} Qd5 {[%clk 01:33:50]} {[%emt 00:00:04]} 18. f5 {[%clk
01:36:04]} {[%emt 00:00:48]} c4 {[%clk 01:33:44]} {[%emt 00:00:35]} 19. Qg5
{[%clk 01:31:59]} {[%emt 00:04:34]} Kd7 {[%clk 01:33:50]} {[%emt 00:00:25]} 20.
Bf2 {[%clk 01:17:10]} {[%emt 00:15:20]} h6 {[%clk 01:26:24]} {[%emt 00:07:56]}
21. e6+ {[%clk 01:06:58]} {[%emt 00:10:42]} Kc8 {[%clk 01:24:10]} {[%emt
00:02:43]} 22. Qxg7 {[%clk 01:03:51]} {[%emt 00:03:38]} Kb7 {[%clk 01:24:33]}
{[%emt 00:00:06]} 23. exf7 {[%clk 01:04:00]} {[%emt 00:00:21]} Rag8 {[%clk
01:13:49]} {[%emt 00:11:14]} 24. f6 {[%clk 00:56:56]} {[%emt 00:07:35]} Rd8
{[%clk 01:00:47]} {[%emt 00:13:32]} 25. Rae1 {[%clk 00:43:21]} {[%emt
00:14:05]} Rhg8 {[%clk 00:49:04]} {[%emt 00:12:12]} 26. fxg8=Q {[%emt
00:02:19]} Rxg8 {[%clk 00:48:59]} {[%emt 00:00:27]} 27. Re5 {[%clk 00:38:50]}
{[%emt 00:03:22]} Qd8 {[%clk 00:48:16]} {[%emt 00:01:12]} 28. Qe7 {[%clk
00:39:00]} {[%emt 00:00:19]} Bxf3 {[%clk 00:47:55]} {[%emt 00:00:52]} 29. Bg3
{[%clk 00:39:16]} {[%emt 00:00:14]} d3+ {[%clk 00:48:06]} {[%emt 00:00:19]} 30.
Kh1 {[%clk 00:39:36]} {[%emt 00:00:09]} Qd4 {[%clk 00:30:11]} {[%emt 00:18:25]}
31. c3 {[%clk 00:34:02]} {[%emt 00:06:05]} Qf4 {[%clk 00:25:32]} {[%emt
00:05:09]} 32. Rxf3 {[%clk 00:32:54]} {[%emt 00:01:38]} Qc1+ {[%clk 00:25:13]}
{[%emt 00:00:49]} 33. Re1 {[%clk 00:33:11]} {[%emt 00:00:12]} d2 {[%clk
00:25:12]} {[%emt 00:00:31]} 34. Qe4+ {[%clk 00:32:44]} {[%emt 00:00:57]} Kb8
{[%clk 00:25:08]} {[%emt 00:00:34]} 35. f7 {[%clk 00:30:55]} {[%emt 00:02:19]}
dxe1=Q+ {[%clk 00:23:22]} {[%emt 00:02:16]} 36. Qxe1 {[%clk 00:31:01]} {[%emt
00:00:24]} Qxe1+ {[%clk 00:23:20]} {[%emt 00:00:33]} 37. Bxe1 {[%clk 00:31:30]}
{[%emt 00:00:02]} Rf8 {[%clk 00:23:31]} {[%emt 00:00:18]} 38. Bd2 {[%clk
00:31:54]} {[%emt 00:00:05]} Bc5 {[%clk 00:23:53]} {[%emt 00:00:08]} 39. Bxh6
{[%clk 00:32:15]} {[%emt 00:00:10]} Rd8 {[%clk 00:23:49]} {[%emt 00:00:33]} 40.
f8=Q {[%clk 00:32:29]} {[%emt 00:00:17]} Kc8 {[%clk 00:23:22]} {[%emt
00:00:56]} 41. Qxd8+ {[%clk 00:32:48]} {[%emt 00:00:11]} 1-0

[Event "DVM U20 2020"]
[Site "Willingen GER"]
[Date "2021.06.26"]
[Round "6"]
[White "Tiedemann, Fin Niklas"]
[Black "McPherson, Elisha"]
[Result "0-1"]
[Termination "normal"]
[Board "2.4"]
[WhiteElo "1945"]
[BlackElo "1967"]
[WhiteClock "00:11:02"]
[BlackClock "00:29:45"]
[WhiteTeam "Lübecker SV von 1873"]
[BlackTeam "Schachfreunde Augsburg"]
[PlyCount "70"]
[WhiteFideId "12936936"]
[BlackFideId "16255852"]
[EventCountry "GER"]
[EventRounds "7"]
[EventType "team-swiss"]
[EventDate "2021.06.23"]

1. e4 {[%clk 01:30:58]} {[%emt 00:00:02]} e5 {[%clk 01:30:56]} {[%emt
00:00:04]} 2. Nc3 {[%clk 01:31:03]} {[%emt 00:00:25]} Nf6 {[%clk 01:31:17]}
{[%emt 00:00:09]} 3. f4 {[%clk 01:31:16]} {[%emt 00:00:17]} d5 {[%clk
01:31:42]} {[%emt 00:00:05]} 4. fxe5 {[%clk 01:31:41]} {[%emt 00:00:05]} Nxe4
{[%clk 01:32:04]} {[%emt 00:00:07]} 5. Nf3 {[%clk 01:31:41]} {[%emt 00:00:31]}
Bg4 {[%clk 01:31:29]} {[%emt 00:01:05]} 6. Bd3 {[%clk 01:29:27]} {[%emt
00:02:43]} Nxc3 {[%clk 01:29:38]} {[%emt 00:02:22]} 7. dxc3 {[%clk 01:29:29]}
{[%emt 00:00:27]} Nc6 {[%clk 01:29:39]} {[%emt 00:00:29]} 8. Bf4 {[%clk
01:27:57]} {[%emt 00:02:02]} d4 {[%clk 01:27:23]} {[%emt 00:02:47]} 9. cxd4
{[%clk 01:27:06]} {[%emt 00:01:21]} Nxd4 {[%clk 01:27:31]} {[%emt 00:00:22]}
10. c3 {[%clk 01:25:22]} {[%emt 00:02:14]} Nxf3+ {[%clk 01:25:50]} {[%emt
00:02:11]} 11. gxf3 {[%clk 01:25:44]} {[%emt 00:00:07]} Be6 {[%clk 01:24:09]}
{[%emt 00:02:11]} 12. Qe2 {[%clk 01:23:36]} {[%emt 00:02:38]} Qh4+ {[%clk
01:19:43]} {[%emt 00:04:57]} 13. Bg3 {[%clk 01:23:46]} {[%emt 00:00:20]} Qh6
{[%clk 01:20:07]} {[%emt 00:00:06]} 14. Bf2 {[%clk 01:13:24]} {[%emt 00:10:52]}
Be7 {[%clk 01:19:05]} {[%emt 00:01:33]} 15. Kd1 {[%clk 01:07:53]} {[%emt
00:06:01]} O-O-O {[%clk 01:10:53]} {[%emt 00:08:41]} 16. Kc2 {[%clk 01:07:33]}
{[%emt 00:00:50]} Rxd3 {[%clk 01:06:08]} {[%emt 00:05:15]} 17. Qxd3 {[%clk
01:03:42]} {[%emt 00:04:21]} Rd8 {[%clk 01:03:34]} {[%emt 00:03:03]} 18. Be3
{[%clk 01:00:39]} {[%emt 00:03:33]} Bg5 {[%clk 00:57:51]} {[%emt 00:06:13]} 19.
Bd4 {[%clk 00:52:12]} {[%emt 00:08:57]} c5 {[%clk 00:53:44]} {[%emt 00:04:38]}
20. b3 {[%clk 00:50:45]} {[%emt 00:01:57]} cxd4 {[%clk 00:51:02]} {[%emt
00:03:12]} 21. Rad1 {[%clk 00:43:18]} {[%emt 00:07:57]} dxc3 {[%clk 00:46:22]}
{[%emt 00:05:11]} 22. Qxc3+ {[%clk 00:43:30]} {[%emt 00:00:16]} Kb8 {[%clk
00:46:42]} {[%emt 00:00:10]} 23. Rxd8+ {[%clk 00:34:28]} {[%emt 00:09:33]} Bxd8
{[%clk 00:47:09]} {[%emt 00:00:02]} 24. Qd4 {[%clk 00:34:48]} {[%emt 00:00:11]}
Qg6+ {[%clk 00:42:13]} {[%emt 00:05:26]} 25. Kc1 {[%clk 00:30:25]} {[%emt
00:04:52]} Be7 {[%clk 00:39:53]} {[%emt 00:02:50]} 26. Qa4 {[%clk 00:22:36]}
{[%emt 00:08:20]} f6 {[%clk 00:38:16]} {[%emt 00:02:07]} 27. exf6 {[%clk
00:11:16]} {[%emt 00:11:50]} Qxf6 {[%clk 00:38:17]} {[%emt 00:00:29]} 28. Re1
{[%clk 00:10:46]} {[%emt 00:00:59]} Qc3+ {[%clk 00:30:45]} {[%emt 00:08:02]}
29. Kd1 {[%clk 00:11:10]} {[%emt 00:00:07]} Qxf3+ {[%clk 00:30:43]} {[%emt
00:00:31]} 30. Re2 {[%clk 00:09:54]} {[%emt 00:01:46]} Qf1+ {[%clk 00:29:28]}
{[%emt 00:01:45]} 31. Re1 {[%clk 00:09:57]} {[%emt 00:00:28]} Qd3+ {[%clk
00:29:06]} {[%emt 00:00:51]} 32. Kc1 {[%clk 00:10:01]} {[%emt 00:00:27]} Bg5+
{[%clk 00:29:13]} {[%emt 00:00:23]} 33. Kb2 {[%clk 00:10:20]} {[%emt 00:00:11]}
Qd2+ {[%clk 00:29:24]} {[%emt 00:00:19]} 34. Ka3 {[%clk 00:10:38]} {[%emt
00:00:11]} Be7+ {[%clk 00:29:45]} {[%emt 00:00:09]} 35. b4 {[%clk 00:11:02]}
{[%emt 00:00:06]} Qxa2# {[%emt 00:00:06]} 0-1